000 00582cam a2200181 a 4500
999 _c13446
_d13446
020 _a0195799186
020 _a9780195799187
082 _a796.3580
100 1 _aMiandad, Javed,
245 1 0 _aCutting edge :
_bmy autobiography /
_cJaved Miandad ; with Saad Shafqat ; foreword by Tony Greig.
260 _aKarachi :
_bOxford University Press,
_c2003.
300 _ax, 344 p. :
_bill. (some col.) ;
500 _aIncludes index.
650 0 _aCricket players
700 1 _aShafqat, Saad.
856 4 2 _uhttp://www.loc.gov/catdir/enhancements/fy0616/2003341409-d.html
942 _cBK